000
00292nam a2200121Ia 4500
008
190216s9999||||xx |||||||||||||| ||und||
100
_a
Das Gupta And Prasad
245
0
_a
Degree Level Real Analysis
260
_b
Bharatibhawan
_c
1984
300
_a
260p
650
_a
Mathematics
942
_c
BK
999
_c
30981
_d
30981